000 00686nam a22001935i 4500
001 167614
003 ES-MaACL
005 20230906213548.0
008 010309s1887 sp |||| | spa d
040 _aCAM
_bspa
_cCAM
100 1 _aVillaverde, Cirilo.
_9133760
245 1 0 _aDos amores
_b: novela original cubana /
_cpor Cirilo Villaverde.
260 _a[Barcelona] :
_bGorgas y Compañía, editores,
_c1887 (
_fFidel Giró)
300 _a256 p. ;
_c21 cm.
490 1 _aBiblioteca de "La ilustración cubana"
830 0 _aBiblioteca de "La ilustración cubana"
_9181749
852 _aES-MaACL
_jT-477-F-4
_z-- Enc. hol.
_z-- Enc. en un vol. facticio
999 _c167614
_d167614